000 00465nam a2200157Ia 4500
008 090124s9999 xx 000 0 und d
082 _b14728
_a271
245 _a वनस्पतीचा जादुगार
250 _a1
260 _c1965
300 _a131
630 _a वनस्पतीचा जादुगार
700 _aभागवत भा.रा.
730 _a वनस्पतीचा जादुगार
942 _cBOOK
999 _c128668
_d128668